हैल्थ इज़ वैल्थ: (Record no. 68189)
[ view plain ]
| 000 -LEADER | |
|---|---|
| fixed length control field | 00847nam a22001817a 4500 |
| 005 - DATE AND TIME OF LATEST TRANSACTION | |
| control field | 20241204124502.0 |
| 010 ## - LCCN (DPL NO) | |
| LC control number | HIN-125446 |
| 020 ## - INTERNATIONAL STANDARD BOOK NUMBER | |
| International Standard Book Number | 9789380807140 |
| Terms of availability | 325.00 |
| 035 ## - SYSTEM CONTROL NUMBER | |
| System control number | HN-97792 |
| 082 ## - DEWEY DECIMAL CLASSIFICATION NUMBER | |
| Classification number | 613 |
| 100 ## - MAIN ENTRY--PERSONAL NAME | |
| Personal name | जैन, उषा "शीरीं" |
| 245 ## - TITLE STATEMENT | |
| Title | हैल्थ इज़ वैल्थ: |
| Remainder of title | स्वास्थ्य सम्बंधी आलेख/ |
| Statement of responsibility, etc | उषा जैन "शीरीं" |
| 260 ## - PUBLICATION, DISTRIBUTION, ETC. (IMPRINT) | |
| Place of publication, distribution, etc | दिल्ली |
| Name of publisher, distributor, etc | ईस्टएण्ड पब्लिकेशन्स |
| Date of publication, distribution, etc | 2012 |
| 270 ## - ADDRESS | |
| Address | 29/502, ईस्ट एणड अपार्टमैंट्स, मयूर विहार एक्सटेंशन फेस-1, |
| City | दिल्ली |
| Postal code | 110096 |
| Telephone number | 9891176800 |
| 300 ## - PHYSICAL DESCRIPTION | |
| Extent | 222 पृ. |
| Dimensions | 22 सें.मी.(सजिल्द) |
| 942 ## - ADDED ENTRY ELEMENTS (KOHA) | |
| Source of classification or shelving scheme | Dewey Decimal Classification |
| Item type | Hindi Books |
| Call number suffix | जैनउ |
| Withdrawn status | Lost status | Not for loan | Home library | Current library | Date acquired | Cost, normal purchase price | Full call number | Cost, replacement price | Koha item type | Collection code | Source of acquisition | Barcode | Copy number |
|---|---|---|---|---|---|---|---|---|---|---|---|---|---|
| Andrews Gunj | Andrews Gunj | 26/06/2012 | 325.00 | जैनउ | 325.00 | Hindi Books | |||||||
| Bawana | Bawana | 14/07/2023 | 325.00 | 613 जैनउ | 325.00 | Hindi Books | Non-fiction | DBAD/PUB | HN-97792 | 1 |
